000 00319nam a22001337a 4500
008 170321b xxu||||| |||| 00| 0 eng d
020 _a9780815136231
041 _aeng
080 _24 ED
_a616.12 -008-073
100 _a7
101 _aSHM
245 _aRAPID REVIEW AND CASE SCENARIOS
_cGRAUNER.K
942 _2udc
_cBK
999 _c8264
_d8264